[Event "14MCR_F"]
[Site "?"]
[Date "1999.??.??"]
[Round "?"]
[White "Vavrla, Zdenek"]
[Black "Jurik, Zdenek"]
[Result "1-0"]
[WhiteElo "2440"]
[BlackElo "2200"]
[PlyCount "45"]
[EventDate "1999.??.??"]
[EventType "corr"]
[SourceDate "2009.11.04"]

1. e4 e5 2. f4 exf4 3. Nf3 d5 4. exd5 Nf6 5. Bb5+ c6 6. dxc6 Nxc6 7. d4 Qa5+ 8.
Nc3 Bb4 9. Qe2+ Be6 10. O-O O-O 11. Bxf4 Bxc3 12. bxc3 Nd5 13. Ng5 Bf5 14. Bxc6
bxc6 15. Bd2 Rae8 16. Qf2 Ne7 17. Rae1 Bg6 18. c4 Qa4 19. a3 c5 20. Ne4 cxd4
21. Nd6 Rd8 22. Nb7 Rde8 23. Qxd4 1-0

[Event "14MCR_F"]
[Site "?"]
[Date "1999.??.??"]
[Round "?"]
[White "Hala, Martin"]
[Black "Pesr, Jaromir"]
[Result "1/2-1/2"]
[WhiteElo "2435"]
[BlackElo "2225"]
[PlyCount "66"]
[EventDate "1999.??.??"]
[EventType "corr"]
[SourceDate "2009.11.04"]

1. e4 c5 2. Nf3 d6 3. d4 cxd4 4. Nxd4 Nf6 5. Nc3 a6 6. Bg5 e6 7. f4 Qb6 8. Qd2
Qxb2 9. Rb1 Qa3 10. Be2 Nbd7 11. O-O Qc5 12. Kh1 Be7 13. f5 e5 14. Ne6 fxe6 15.
fxe6 Nb6 16. Qd3 Bxe6 17. Be3 Bc4 18. Bxc5 Bxd3 19. cxd3 Nbd7 20. Be3 Rc8 21.
Rbc1 O-O 22. g4 h6 23. Kg2 Bd8 24. h4 Ba5 25. Bd2 g5 26. hxg5 hxg5 27. Rf5 Nh7
28. Nd5 Rxc1 29. Bxc1 b5 30. Ba3 Rxf5 31. exf5 Nc5 32. Bxc5 dxc5 33. Kf3 Bd8
1/2-1/2

[Event "14MCR_F"]
[Site "?"]
[Date "1999.??.??"]
[Round "?"]
[White "Hybl, Jaroslav"]
[Black "Omelka, Roman"]
[Result "1/2-1/2"]
[WhiteElo "2415"]
[BlackElo "2255"]
[PlyCount "71"]
[EventDate "1999.??.??"]
[EventType "corr"]
[SourceDate "2009.11.04"]

1. d4 Nf6 2. c4 g6 3. Nc3 Bg7 4. e4 d6 5. Nf3 O-O 6. Be2 e5 7. O-O Nc6 8. d5
Ne7 9. Nd2 a5 10. a3 Nd7 11. Rb1 f5 12. b4 Kh8 13. f3 Ng8 14. Qc2 Ngf6 15. Bd3
f4 16. Nb5 b6 17. Bb2 Ne8 18. Be2 h5 19. c5 bxc5 20. bxc5 Nxc5 21. a4 Rf7 22.
Rfc1 Bf8 23. Ba3 g5 24. Bxc5 dxc5 25. Nb3 g4 26. Nxc5 Rg7 27. Qc3 Qh4 28. Ne6
Bxe6 29. dxe6 Qf6 30. Qc6 Rd8 31. Rd1 Bd6 32. Nxd6 cxd6 33. Qb6 Ra8 34. Qc6 Rd8
35. Qb6 Ra8 36. Qc6 1/2-1/2

[Event "14MCR_F"]
[Site "?"]
[Date "1999.??.??"]
[Round "?"]
[White "Urbanek, Stepan"]
[Black "Matousek, Jan st."]
[Result "1/2-1/2"]
[WhiteElo "2385"]
[BlackElo "2285"]
[PlyCount "57"]
[EventDate "1999.??.??"]
[EventType "corr"]
[SourceDate "2009.11.04"]

1. d4 Nf6 2. c4 g6 3. Nc3 Bg7 4. e4 d6 5. Nf3 O-O 6. Be2 e5 7. O-O Nc6 8. d5
Ne7 9. Nd2 a5 10. a3 Bd7 11. Rb1 a4 12. b4 axb3 13. Nxb3 b6 14. Ra1 Ne8 15. Be3
f5 16. f3 Nf6 17. a4 Nh5 18. a5 bxa5 19. Nxa5 Nf4 20. Qd2 Nxe2+ 21. Qxe2 c6 22.
dxc6 Nxc6 23. Nxc6 Bxc6 24. Nd5 fxe4 25. fxe4 Rxf1+ 26. Qxf1 Rxa1 27. Qxa1 Qa8
28. Qb2 Qb7 29. Qb6 1/2-1/2

[Event "14MCR_F"]
[Site "?"]
[Date "1999.??.??"]
[Round "?"]
[White "Merlicek, Jiri"]
[Black "Matousek, Jan ml."]
[Result "1/2-1/2"]
[WhiteElo "2380"]
[BlackElo "2290"]
[PlyCount "92"]
[EventDate "1999.??.??"]
[EventType "corr"]
[SourceDate "2009.11.04"]

1. d4 Nf6 2. c4 g6 3. Nc3 Bg7 4. e4 d6 5. Nf3 O-O 6. Be2 e5 7. O-O Nc6 8. d5
Ne7 9. b4 Nh5 10. Re1 f5 11. Ng5 Nf6 12. Bf3 c6 13. Be3 h6 14. Ne6 Bxe6 15.
dxe6 f4 16. Bc1 Nc8 17. Qb3 Qe7 18. c5 Re8 19. Be2 Nh7 20. Ba3 Ng5 21. cxd6
Nxd6 22. b5 Nxe6 23. Red1 Rad8 24. Bc4 Kh7 25. Bxe6 Qxe6 26. bxc6 bxc6 27. Qxe6
Rxe6 28. Rd3 Bf8 29. Rad1 Kg7 30. Na4 Kf7 31. f3 Be7 32. Nc5 Rf6 33. Na6 Nb5
34. Rxd8 Bxd8 35. Rxd8 Nxa3 36. Rd7+ Ke8 37. Rxa7 Rd6 38. Kf1 Nc4 39. Ke1 Ne3
40. g4 Nc2+ 41. Ke2 Nd4+ 42. Kf2 Nb5 43. Ra8+ Ke7 44. a4 Nc3 45. Ra7+ Kf6 46.
Nb8 Rd2+ 1/2-1/2

[Event "14MCR_F"]
[Site "?"]
[Date "1999.??.??"]
[Round "?"]
[White "Cerny, Jan"]
[Black "Straka, Zdenek"]
[Result "0-1"]
[WhiteElo "2380"]
[BlackElo "2295"]
[PlyCount "66"]
[EventDate "1999.??.??"]
[EventType "corr"]
[SourceDate "2009.11.04"]

1. d4 Nf6 2. c4 e6 3. Nf3 d5 4. Nc3 c6 5. e3 Nbd7 6. Qc2 Bd6 7. Be2 O-O 8. b3
Re8 9. O-O Qe7 10. Bb2 b6 11. Rfd1 Bb7 12. e4 Nxe4 13. Nxe4 dxe4 14. Qxe4 f5
15. Qe3 c5 16. dxc5 Bxc5 17. Qf4 Nf6 18. Ne5 Rad8 19. Qh4 Bd6 20. a3 Qc7 21. f4
Bc5+ 22. Kf1 Qe7 23. Bh5 Rxd1+ 24. Rxd1 Rd8 25. Rxd8+ Qxd8 26. Ke2 Bd4 27. Bc1
Qc7 28. Nf3 Qd6 29. Qh3 Bc5 30. b4 Bd4 31. Ng5 h6 32. Nf3 Qc6 33. Nd2 Ba6 0-1

[Event "14MCR_F"]
[Site "?"]
[Date "1999.??.??"]
[Round "?"]
[White "Ramik, Jiri"]
[Black "Jandovsky, Viktor"]
[Result "1/2-1/2"]
[WhiteElo "2345"]
[BlackElo "2315"]
[PlyCount "27"]
[EventDate "1999.??.??"]
[EventType "corr"]
[SourceDate "2009.11.04"]

1. d4 Nf6 2. c4 g6 3. Nc3 Bg7 4. e4 d6 5. Nf3 O-O 6. Be2 e5 7. dxe5 dxe5 8.
Qxd8 Rxd8 9. Bg5 Re8 10. Nd5 Nxd5 11. cxd5 c6 12. Bc4 cxd5 13. Bxd5 Nc6 14.
O-O-O 1/2-1/2

[Event "14MCR_F"]
[Site "?"]
[Date "1999.??.??"]
[Round "?"]
[White "Straka, Zdenek"]
[Black "Ramik, Jiri"]
[Result "1/2-1/2"]
[WhiteElo "2295"]
[BlackElo "2345"]
[PlyCount "20"]
[EventDate "1999.??.??"]
[EventType "corr"]
[SourceDate "2009.11.04"]

1. d4 Nf6 2. Nf3 g6 3. c4 Bg7 4. Nc3 d5 5. Qb3 dxc4 6. Qxc4 O-O 7. e4 Bg4 8.
Be3 Nfd7 9. Be2 Nb6 10. Qd3 Nc6 1/2-1/2

[Event "14MCR_F"]
[Site "?"]
[Date "1999.??.??"]
[Round "?"]
[White "Matousek, Jan ml."]
[Black "Cerny, Jan"]
[Result "0-1"]
[WhiteElo "2290"]
[BlackElo "2380"]
[PlyCount "100"]
[EventDate "1999.??.??"]
[EventType "corr"]
[SourceDate "2009.11.04"]

1. d4 d5 2. c4 dxc4 3. Nf3 Nf6 4. e3 e6 5. Bxc4 c5 6. O-O a6 7. Qe2 b5 8. Bb3
Bb7 9. Rd1 Nbd7 10. e4 cxd4 11. e5 Nd5 12. Rxd4 Qc7 13. Bd2 Ne7 14. Na3 Bxf3
15. Qxf3 Rc8 16. Bf4 Nc6 17. Rdd1 Be7 18. Rac1 Nc5 19. Bc2 O-O 20. Nb1 Rfd8 21.
Nd2 Nd4 22. Bxh7+ Kxh7 23. Qh5+ Kg8 24. b4 Qb7 25. bxc5 Rxc5 26. Rxc5 Bxc5 27.
Bg5 Rd7 28. Re1 Nc2 29. Rc1 Ne3 30. Ne4 Qxe4 31. Bxe3 g6 32. Qh6 Qxe5 33. Bxc5
Qxc5 34. h3 Qf8 35. Qe3 Qd8 36. Rc6 a5 37. a3 Rd3 38. Qf4 Qd4 39. Qxd4 Rxd4 40.
Kf1 Rd3 41. a4 b4 42. Ra6 Rd5 43. Ke2 g5 44. Ke3 Kg7 45. Ra7 Kg6 46. Ra6 Kf5
47. Rc6 Re5+ 48. Kd3 f6 49. g3 Rd5+ 50. Ke3 g4 0-1

[Event "14MCR_F"]
[Site "?"]
[Date "1999.??.??"]
[Round "?"]
[White "Matousek, Jan st."]
[Black "Merlicek, Jiri"]
[Result "1/2-1/2"]
[WhiteElo "2285"]
[BlackElo "2380"]
[PlyCount "56"]
[EventDate "1999.??.??"]
[EventType "corr"]
[SourceDate "2009.11.04"]

1. d4 d5 2. c4 c6 3. Nf3 Nf6 4. Nc3 e6 5. Bg5 h6 6. Bxf6 Qxf6 7. e3 Nd7 8. Bd3
dxc4 9. Bxc4 g6 10. O-O Bg7 11. Qe2 O-O 12. Rfd1 Qe7 13. Rac1 a6 14. e4 b5 15.
Bb3 Bb7 16. Rd2 Rfd8 17. Qe3 c5 18. d5 c4 19. d6 Qf8 20. Bc2 Ne5 21. Nxe5 Bxe5
22. d7 b4 23. Na4 Bxb2 24. Nxb2 c3 25. Rd4 cxb2 26. Rcd1 a5 27. Ba4 Qc5 28. Qb3
Qc1 1/2-1/2

[Event "14MCR_F"]
[Site "?"]
[Date "1999.??.??"]
[Round "?"]
[White "Omelka, Roman"]
[Black "Urbanek, Stepan"]
[Result "1-0"]
[WhiteElo "2255"]
[BlackElo "2385"]
[PlyCount "75"]
[EventDate "1999.??.??"]
[EventType "corr"]
[SourceDate "2009.11.04"]

1. e4 c5 2. Nf3 d6 3. d4 cxd4 4. Nxd4 Nf6 5. Nc3 e6 6. g4 h6 7. g5 hxg5 8. Bxg5
Nc6 9. h4 Qb6 10. Nb3 a6 11. Qe2 Qc7 12. Bg2 b5 13. a3 Bb7 14. O-O-O Be7 15.
Kb1 O-O-O 16. f4 Nh5 17. Qg4 Kb8 18. f5 Ne5 19. Qh3 Rhf8 20. Nd4 Bxg5 21. hxg5
Nf4 22. Qg3 Nxg2 23. Qxg2 Nc6 24. fxe6 Nxd4 25. e7 Qxe7 26. Rxd4 Qe5 27. Rd2
Rh8 28. Rf1 Rd7 29. Rdf2 Qe6 30. Rf5 Re7 31. Qf2 Bxe4 32. Nxe4 Qxe4 33. Qb6+
Qb7 34. Qxd6+ Ka8 35. Qd4 Rc8 36. c3 Rce8 37. Rd5 g6 38. Rf6 1-0

[Event "14MCR_F"]
[Site "?"]
[Date "1999.??.??"]
[Round "?"]
[White "Jurik, Zdenek"]
[Black "Hala, Martin"]
[Result "0-1"]
[WhiteElo "2200"]
[BlackElo "2435"]
[PlyCount "52"]
[EventDate "1999.??.??"]
[EventType "corr"]
[SourceDate "2009.11.04"]

1. d4 Nf6 2. c4 g6 3. Nc3 Bg7 4. e4 d6 5. Be2 O-O 6. Nf3 e5 7. O-O Nc6 8. d5
Ne7 9. b4 Nh5 10. Re1 f5 11. Nd2 Nf6 12. c5 Kh8 13. cxd6 cxd6 14. exf5 gxf5 15.
Nc4 Ng6 16. a4 Rg8 17. a5 Bf8 18. Kh1 f4 19. g3 Bh3 20. Rg1 Bh6 21. f3 Qf8 22.
g4 Nh4 23. Qd3 Rc8 24. Nd2 Bg5 25. Bb2 h5 26. Nce4 Nxe4 0-1

[Event "14MCR_F"]
[Site "?"]
[Date "1999.??.??"]
[Round "?"]
[White "Hybl, Jaroslav"]
[Black "Jurik, Zdenek"]
[Result "1/2-1/2"]
[WhiteElo "2415"]
[BlackElo "2200"]
[PlyCount "42"]
[EventDate "1999.??.??"]
[EventType "corr"]
[SourceDate "2009.11.04"]

1. d4 e6 2. c4 Nf6 3. Nc3 d5 4. Bg5 Be7 5. e3 Nbd7 6. Nf3 O-O 7. Rc1 b6 8. cxd5
exd5 9. Bd3 Bb7 10. O-O c5 11. Bf5 Re8 12. Qc2 h6 13. Bh4 c4 14. b3 cxb3 15.
Qxb3 g6 16. Bd3 a6 17. Rc2 Rc8 18. Rfc1 b5 19. Bg3 Qa5 20. a4 b4 21. Ne2 Nb6
1/2-1/2

[Event "14MCR_F"]
[Site "?"]
[Date "1999.??.??"]
[Round "?"]
[White "Urbanek, Stepan"]
[Black "Pesr, Jaromir"]
[Result "1/2-1/2"]
[WhiteElo "2385"]
[BlackElo "2225"]
[PlyCount "121"]
[EventDate "1999.??.??"]
[EventType "corr"]
[SourceDate "2009.11.04"]

1. d4 Nf6 2. c4 e6 3. Nc3 Bb4 4. e3 c5 5. a3 Bxc3+ 6. bxc3 O-O 7. Bd3 Nc6 8.
Nf3 d6 9. e4 e5 10. d5 Ne7 11. g3 Ne8 12. O-O Bg4 13. Be2 h6 14. Nh4 Bh3 15.
Re1 g5 16. Nf3 f5 17. Bxg5 fxe4 18. Bxe7 Qxe7 19. Nd2 e3 20. fxe3 Qg5 21. Bf1
Bxf1 22. Nxf1 e4 23. Nd2 Nf6 24. Qb1 Rae8 25. Qxb7 Ng4 26. Re2 Ne5 27. Qxa7
Nf3+ 28. Nxf3 exf3 29. Rf2 Rxe3 30. Raf1 Rxc3 31. Qd7 Rf6 32. Rb2 Qe3+ 33. Kh1
Qe4 34. Rb8+ Rf8 35. Rxf8+ Kxf8 36. Qxd6+ Ke8 37. h3 Qe2 38. Qe6+ Qxe6 39. dxe6
Rxa3 40. Kg1 Ke7 41. Kf2 Kxe6 42. Re1+ Kf5 43. Re3 Ra2+ 44. Kxf3 Rc2 45. g4+
Kf6 46. Re4 Rc3+ 47. Kg2 Kf7 48. h4 Kf6 49. Rf4+ Kg6 50. Kf2 Rh3 51. Rf5 Rxh4
52. Kg3 Rh1 53. Rxc5 Rf1 54. Re5 Rc1 55. c5 Rc4 56. Kh4 Rc3 57. Rd5 Kg7 58.
Rd7+ Kg6 59. Rd6+ Kg7 60. c6 Ra3 61. Rd8 1/2-1/2

[Event "14MCR_F"]
[Site "?"]
[Date "1999.??.??"]
[Round "?"]
[White "Merlicek, Jiri"]
[Black "Omelka, Roman"]
[Result "1-0"]
[WhiteElo "2380"]
[BlackElo "2255"]
[PlyCount "77"]
[EventDate "1999.??.??"]
[EventType "corr"]
[SourceDate "2009.11.04"]

1. e4 d6 2. d4 Nf6 3. Nc3 g6 4. Nf3 Bg7 5. Be2 O-O 6. O-O c6 7. Re1 b5 8. e5
Ne8 9. Bf4 Na6 10. Qd2 Nac7 11. Rad1 Bf5 12. a3 a5 13. Bh6 b4 14. Nb1 Ne6 15.
c3 Bxh6 16. Qxh6 Rb8 17. axb4 axb4 18. c4 d5 19. Nbd2 Ra8 20. Nb3 N8g7 21. Rc1
f6 22. Qd2 Qb6 23. Nc5 Rfd8 24. cxd5 cxd5 25. h3 Ra5 26. Qe3 g5 27. Bd1 Bg6 28.
exf6 exf6 29. h4 h6 30. hxg5 Nxg5 31. Qf4 Ra7 32. Nh4 Kh7 33. Nxg6 Kxg6 34. Bb3
Kh7 35. Re3 Qc6 36. Nd3 Qb6 37. Rce1 Kg8 38. R3e2 Kf7 39. Ne5+ 1-0

[Event "14MCR_F"]
[Site "?"]
[Date "1999.??.??"]
[Round "?"]
[White "Ramik, Jiri"]
[Black "Matousek, Jan ml."]
[Result "1/2-1/2"]
[WhiteElo "2345"]
[BlackElo "2290"]
[PlyCount "53"]
[EventDate "1999.??.??"]
[EventType "corr"]
[SourceDate "2009.11.04"]

1. d4 Nf6 2. c4 g6 3. Nc3 Bg7 4. e4 d6 5. Nf3 O-O 6. Be2 e5 7. dxe5 dxe5 8.
Qxd8 Rxd8 9. Bg5 c6 10. Nxe5 Re8 11. O-O-O Na6 12. Rd6 Nxe4 13. Nxe4 Bxe5 14.
Nf6+ Bxf6 15. Bxf6 Nc5 16. Bf3 Bf5 17. Rhd1 Be4 18. b4 Bxf3 19. gxf3 Ne6 20.
Bc3 c5 21. b5 Rad8 22. Bf6 Rxd6 23. Rxd6 Nf8 24. Rd5 b6 25. Kd2 Re6 26. Bd8 f6
27. a4 1/2-1/2

[Event "14MCR_F"]
[Site "?"]
[Date "1999.??.??"]
[Round "?"]
[White "Straka, Zdenek"]
[Black "Ptak, Pavel"]
[Result "1-0"]
[WhiteElo "2295"]
[BlackElo "2330"]
[PlyCount "67"]
[EventDate "1999.??.??"]
[EventType "corr"]
[SourceDate "2009.11.04"]

1. d4 g6 2. e4 Bg7 3. Nc3 c6 4. f4 d5 5. e5 h5 6. Be3 Nh6 7. Nf3 Bg4 8. h3 Bxf3
9. Qxf3 e6 10. Bd3 Na6 11. a3 Nf5 12. Bf2 Nh4 13. Bxh4 Qxh4+ 14. g3 Qd8 15.
O-O-O Qa5 16. Kb1 Bf8 17. Be2 b5 18. f5 gxf5 19. g4 Rb8 20. gxf5 b4 21. fxe6
fxe6 22. axb4 Bxb4 23. Na2 Be7 24. Rhg1 Kd7 25. Rg7 Rhe8 26. Nc1 Nc7 27. Qg3 h4
28. Nb3 Qb4 29. Qxh4 a5 30. Rf1 Kd8 31. Rff7 Nb5 32. Bxb5 Rxb5 33. Rxe7 Rxe7
34. c3 1-0

[Event "14MCR_F"]
[Site "?"]
[Date "1999.??.??"]
[Round "?"]
[White "Matousek, Jan st."]
[Black "Ramik, Jiri"]
[Result "1/2-1/2"]
[WhiteElo "2285"]
[BlackElo "2345"]
[PlyCount "54"]
[EventDate "1999.??.??"]
[EventType "corr"]
[SourceDate "2009.11.04"]

1. d4 Nf6 2. c4 g6 3. Nc3 d5 4. cxd5 Nxd5 5. e4 Nxc3 6. bxc3 Bg7 7. Bc4 c5 8.
Ne2 O-O 9. O-O Nc6 10. Be3 Bg4 11. f3 Na5 12. Bxf7+ Rxf7 13. fxg4 Rxf1+ 14.
Kxf1 Qd6 15. Kg1 Qe6 16. Qd3 Qc4 17. Qxc4+ Nxc4 18. Bg5 h6 19. Bxe7 Re8 20.
Bxc5 b6 21. Bxb6 axb6 22. e5 Ra8 23. Nf4 Ra3 24. Nd5 Ra5 25. Nc7 Nxe5 26. dxe5
Bxe5 27. Ne6 Bxc3 1/2-1/2

[Event "14MCR_F"]
[Site "?"]
[Date "1999.??.??"]
[Round "?"]
[White "Omelka, Roman"]
[Black "Cerny, Jan"]
[Result "0-1"]
[WhiteElo "2255"]
[BlackElo "2380"]
[PlyCount "52"]
[EventDate "1999.??.??"]
[EventType "corr"]
[SourceDate "2009.11.04"]

1. e4 c6 2. d4 d5 3. Nc3 dxe4 4. Nxe4 Nd7 5. Bc4 Ngf6 6. Ng5 e6 7. Qe2 Nb6 8.
Bd3 h6 9. N5f3 c5 10. dxc5 Bxc5 11. Bd2 Qc7 12. O-O-O Bd7 13. Ne5 O-O 14. f4
Rac8 15. Kb1 Bc6 16. Ngf3 Bxf3 17. Nxf3 Rfd8 18. Ne5 Na4 19. Bc4 Nd5 20. Bb3
Nxb2 21. Kxb2 Bd4+ 22. Kc1 Qc5 23. Nd3 Qa3+ 24. Kb1 Rc3 25. Be1 Rdc8 26. Rf1
Rxd3 0-1

[Event "14MCR_F"]
[Site "?"]
[Date "1999.??.??"]
[Round "?"]
[White "Pesr, Jaromir"]
[Black "Merlicek, Jiri"]
[Result "0-1"]
[WhiteElo "2225"]
[BlackElo "2380"]
[PlyCount "100"]
[EventDate "1999.??.??"]
[EventType "corr"]
[SourceDate "2009.11.04"]

1. e4 c5 2. Nf3 d6 3. d4 cxd4 4. Nxd4 Nf6 5. Nc3 a6 6. Bg5 e6 7. f4 Qb6 8. Nb3
Be7 9. Qf3 Qc7 10. Bd3 Nbd7 11. a4 h6 12. Qh3 Rg8 13. Bh4 g5 14. fxg5 hxg5 15.
Bg3 e5 16. Bf2 Nc5 17. Qe3 Nxb3 18. cxb3 Be6 19. b4 d5 20. exd5 Nxd5 21. Nxd5
Bxd5 22. O-O Bxb4 23. Rac1 Qe7 24. Bc4 Bxc4 25. Rxc4 Rg6 26. Qe4 a5 27. Rfc1
Rd6 28. h4 Rad8 29. hxg5 Kf8 30. Qh7 Qxg5 31. Rc8 Qg7 32. Qh3 Rd5 33. Bb6 Rxc8
34. Rxc8+ Ke7 35. Rc7+ Kf6 36. Bf2 Qg6 37. Qh8+ Kf5 38. Qh3+ Kf6 39. Rxb7 Rd3
40. Qh8+ Kf5 41. Bh4 Bc5+ 42. Kh2 Ke4 43. Qa8 Kf4 44. Qh8 Rd1 45. g3+ Kf3 46.
Rb3+ Be3 47. Qa8+ e4 48. Qa7 Re1 49. Qc7 Re2+ 50. Kh1 Qf5 0-1

[Event "14MCR_F"]
[Site "?"]
[Date "1999.??.??"]
[Round "?"]
[White "Vavrla, Zdenek"]
[Black "Hala, Martin"]
[Result "0-1"]
[WhiteElo "2440"]
[BlackElo "2435"]
[PlyCount "88"]
[EventDate "1999.??.??"]
[EventType "corr"]
[SourceDate "2009.11.04"]

1. d4 Nf6 2. Nf3 g6 3. c4 Bg7 4. Nc3 O-O 5. e4 d6 6. Be2 e5 7. O-O Nc6 8. d5
Ne7 9. Nd2 a5 10. b3 Nd7 11. Re1 f5 12. Qc2 Kh8 13. Bb2 Ng8 14. exf5 gxf5 15.
a3 Ne7 16. Nf1 Nf6 17. Rad1 Rg8 18. Ng3 f4 19. Nge4 Nf5 20. c5 Nd4 21. Ng5 Qf8
22. Rxd4 exd4 23. Nce4 Nxe4 24. Qxe4 Bf5 25. Qxf4 h6 26. Ne6 Bxe6 27. Qxf8
Rgxf8 28. dxe6 dxc5 29. e7 Rfe8 30. Bh5 Bf6 31. Bxe8 Rxe8 32. a4 Kg7 33. f4 Kf7
34. g4 Bxe7 35. Kf1 c6 36. Bc1 b5 37. Re5 c4 38. bxc4 bxc4 39. Rf5+ Kg7 40. Re5
c5 41. Ke2 Kf7 42. Rf5+ Ke6 43. Kd1 Bd6 44. Rh5 c3 0-1

[Event "14MCR_F"]
[Site "?"]
[Date "1999.??.??"]
[Round "?"]
[White "Hybl, Jaroslav"]
[Black "Vavrla, Zdenek"]
[Result "1-0"]
[WhiteElo "2415"]
[BlackElo "2440"]
[PlyCount "97"]
[EventDate "1999.??.??"]
[EventType "corr"]
[SourceDate "2009.11.04"]

1. d4 d5 2. c4 e6 3. Nc3 c6 4. e3 Nf6 5. Nf3 Nbd7 6. Bd3 dxc4 7. Bxc4 b5 8. Bd3
Bb7 9. O-O a6 10. e4 c5 11. d5 c4 12. dxe6 fxe6 13. Bc2 Qc7 14. Ng5 Nc5 15. e5
Qxe5 16. Re1 Qd6 17. Qxd6 Bxd6 18. Be3 O-O 19. Rad1 Bd5 20. Nxe6 Nxe6 21. Nxd5
Nxd5 22. Rxd5 Rad8 23. Red1 Bc7 24. g3 Rxd5 25. Rxd5 Rd8 26. Be4 Kf7 27. f4 g6
28. Kf2 Rd6 29. Kf3 Kf6 30. Bd2 Rxd5 31. Bxd5 Bb6 32. Bc3+ Ke7 33. Be5 Nc5 34.
h4 Ba5 35. g4 Nd3 36. Bd4 Bc7 37. Bb7 a5 38. Ba6 Bxf4 39. Bxb5 Be5 40. Ke4 Bxd4
41. Kxd4 Nxb2 42. Bxc4 Nd1 43. g5 Nb2 44. a3 Na4 45. Bg8 Kf8 46. Bb3 Nb6 47.
Kc5 Nc8 48. Kb5 Ne7 49. Kxa5 1-0

[Event "14MCR_F"]
[Site "?"]
[Date "1999.??.??"]
[Round "?"]
[White "Merlicek, Jiri"]
[Black "Jurik, Zdenek"]
[Result "1-0"]
[WhiteElo "2380"]
[BlackElo "2200"]
[PlyCount "49"]
[EventDate "1999.??.??"]
[EventType "corr"]
[SourceDate "2009.11.04"]

1. d4 e6 2. c4 Nf6 3. Nf3 d5 4. Nc3 c6 5. e3 Nbd7 6. Qc2 Bd6 7. Bd3 O-O 8. O-O
Re8 9. Rd1 dxc4 10. Bxc4 Qe7 11. e4 e5 12. h3 a6 13. Be3 exd4 14. Nxd4 Nc5 15.
f3 Qc7 16. Rd2 b5 17. Bb3 Nb7 18. Nde2 Be6 19. Bxe6 Rxe6 20. Rad1 Rd8 21. Nd4
Ree8 22. Bg5 Qb6 23. Kh1 Be5 24. Nf5 Rxd2 25. Rxd2 1-0

[Event "14MCR_F"]
[Site "?"]
[Date "1999.??.??"]
[Round "?"]
[White "Cerny, Jan"]
[Black "Pesr, Jaromir"]
[Result "1-0"]
[WhiteElo "2380"]
[BlackElo "2225"]
[PlyCount "55"]
[EventDate "1999.??.??"]
[EventType "corr"]
[SourceDate "2009.11.04"]

1. d4 Nf6 2. Nf3 g6 3. c4 d5 4. Nc3 Bg7 5. cxd5 Nxd5 6. e4 Nxc3 7. bxc3 c5 8.
Rb1 O-O 9. Be2 cxd4 10. cxd4 Qa5+ 11. Bd2 Qxa2 12. O-O b6 13. Qc1 Qe6 14. Re1
Ba6 15. Bd1 Rc8 16. Qa3 Qd7 17. d5 Bc4 18. Bf4 e6 19. Ne5 Bxe5 20. Bxe5 exd5
21. exd5 Bxd5 22. Ba1 Rf8 23. Ba4 Bc6 24. Rbd1 Bxa4 25. Rxd7 Nxd7 26. Qxa4 Rfe8
27. Rxe8+ Rxe8 28. f4 1-0

[Event "14MCR_F"]
[Site "?"]
[Date "1999.??.??"]
[Round "?"]
[White "Ramik, Jiri"]
[Black "Omelka, Roman"]
[Result "1/2-1/2"]
[WhiteElo "2345"]
[BlackElo "2255"]
[PlyCount "27"]
[EventDate "1999.??.??"]
[EventType "corr"]
[SourceDate "2009.11.04"]

1. d4 Nf6 2. c4 g6 3. Nc3 Bg7 4. e4 d6 5. Nf3 O-O 6. Be2 e5 7. dxe5 dxe5 8.
Qxd8 Rxd8 9. Bg5 Re8 10. Nd5 Nxd5 11. cxd5 c6 12. Bc4 cxd5 13. Bxd5 Nd7 14. Nd2
1/2-1/2

[Event "14MCR_F"]
[Site "?"]
[Date "1999.??.??"]
[Round "?"]
[White "Ptak, Pavel"]
[Black "Matousek, Jan ml."]
[Result "1/2-1/2"]
[WhiteElo "2330"]
[BlackElo "2290"]
[PlyCount "89"]
[EventDate "1999.??.??"]
[EventType "corr"]
[SourceDate "2009.11.04"]

1. g3 d5 2. Bg2 Nf6 3. Nf3 b6 4. c4 Bb7 5. cxd5 Nxd5 6. O-O e6 7. d4 Be7 8. Re1
O-O 9. e4 Nf6 10. Nc3 Nbd7 11. Bg5 h6 12. Bxf6 Nxf6 13. Qd3 a6 14. Rad1 b5 15.
Ne5 Nd7 16. Ng4 Nb6 17. Ne3 b4 18. Ne2 a5 19. h4 Qd7 20. Nf4 Ba6 21. Qc2 b3 22.
axb3 Bb4 23. d5 e5 24. Bh3 Qd8 25. Nd3 Bxd3 26. Qxd3 Bxe1 27. Rxe1 a4 28. Rc1
axb3 29. Qxb3 Ra7 30. Rc6 Nd7 31. Bxd7 Qxd7 32. Kg2 Kh7 33. Nf5 Rfa8 34. Qc3 f6
35. h5 Rf8 36. b4 Rb7 37. b5 Rf7 38. Qc5 Qd8 39. Qc4 Rd7 40. Qe2 Rb6 41. Nh4
Rd6 42. Rc5 Rb7 43. Nf5 Rdb6 44. Rc6 Rxc6 45. bxc6 1/2-1/2

[Event "14MCR_F"]
[Site "?"]
[Date "1999.??.??"]
[Round "?"]
[White "Jandovsky, Viktor"]
[Black "Straka, Zdenek"]
[Result "0-1"]
[WhiteElo "2315"]
[BlackElo "2295"]
[PlyCount "88"]
[EventDate "1999.??.??"]
[EventType "corr"]
[SourceDate "2009.11.04"]

1. e4 c5 2. Nf3 d6 3. d4 cxd4 4. Nxd4 Nf6 5. Nc3 a6 6. Bg5 e6 7. f4 Qb6 8. Qd2
Qxb2 9. Rb1 Qa3 10. Bxf6 gxf6 11. Be2 Nc6 12. Nxc6 bxc6 13. O-O Qa5 14. Kh1 Be7
15. Qe3 d5 16. Bf3 Bd7 17. Rb7 Rd8 18. e5 f5 19. Rd1 d4 20. Rxd4 Bc5 21. Ra4
Bxe3 22. Rxa5 Bxf4 23. Na4 O-O 24. Rb3 Bc8 25. g3 Bg5 26. Nb6 Rd2 27. Rc5 Rfd8
28. Rcc3 Kg7 29. Nc4 R2d4 30. Na5 Bd2 31. Nxc6 Bxc3 32. Rxc3 Rd1+ 33. Bxd1
Rxd1+ 34. Kg2 Bb7 35. Kf2 Rd5 36. Nb4 Rd2+ 37. Ke3 Rxh2 38. Rc7 Be4 39. Nxa6
Rg2 40. Nc5 Rxg3+ 41. Kf2 Rf3+ 42. Ke2 Kg6 43. a4 h5 44. a5 h4 0-1

[Event "14MCR_F"]
[Site "?"]
[Date "1999.??.??"]
[Round "?"]
[White "Matousek, Jan st."]
[Black "Ptak, Pavel"]
[Result "0-1"]
[WhiteElo "2285"]
[BlackElo "2330"]
[PlyCount "52"]
[EventDate "1999.??.??"]
[EventType "corr"]
[SourceDate "2009.11.04"]

1. d4 d5 2. c4 dxc4 3. Nf3 Nf6 4. e3 Bg4 5. Bxc4 e6 6. h3 Bh5 7. Nc3 Nc6 8. Bb5
Bd6 9. e4 Nd7 10. Be3 O-O 11. O-O Nb6 12. e5 Be7 13. Bd3 f5 14. g4 Bg6 15. gxf5
Bxf5 16. Bxf5 Rxf5 17. Ne1 Qf8 18. Qg4 Qf7 19. Nd3 Rd8 20. Rad1 Nxd4 21. f4 Rh5
22. Nf2 Rh4 23. Qg3 Nf5 24. Rxd8+ Bxd8 25. Qf3 Nxe3 26. Qxe3 Rxf4 0-1

[Event "14MCR_F"]
[Site "?"]
[Date "1999.??.??"]
[Round "?"]
[White "Pesr, Jaromir"]
[Black "Ramik, Jiri"]
[Result "1/2-1/2"]
[WhiteElo "2225"]
[BlackElo "2345"]
[PlyCount "47"]
[EventDate "1999.??.??"]
[EventType "corr"]
[SourceDate "2009.11.04"]

1. e4 c5 2. Nf3 d6 3. d4 cxd4 4. Nxd4 Nf6 5. Nc3 Nc6 6. Bg5 e6 7. Qd2 a6 8.
O-O-O h6 9. Bf4 Bd7 10. Nxc6 Bxc6 11. Qe1 Be7 12. e5 Nh5 13. Be3 Qc7 14. Be2 g6
15. Bxh5 gxh5 16. Bf4 O-O-O 17. f3 Bg5 18. Bxg5 hxg5 19. Qg3 dxe5 20. Rxd8+
Qxd8 21. Qxe5 Rg8 22. Ne4 Bxe4 23. Qxe4 Qd6 24. g3 1/2-1/2

[Event "14MCR_F"]
[Site "?"]
[Date "1999.??.??"]
[Round "?"]
[White "Jurik, Zdenek"]
[Black "Cerny, Jan"]
[Result "0-1"]
[WhiteElo "2200"]
[BlackElo "2380"]
[PlyCount "61"]
[EventDate "1999.??.??"]
[EventType "corr"]
[SourceDate "2009.11.04"]

1. d4 d5 2. c4 c6 3. Nf3 Nf6 4. Nc3 dxc4 5. a4 Bf5 6. Ne5 Nbd7 7. Nxc4 Qc7 8.
g3 e5 9. dxe5 Nxe5 10. Bf4 Rd8 11. Qc1 Bd6 12. Nxd6+ Qxd6 13. Bg2 a5 14. O-O
O-O 15. Nd1 Qe6 16. Ne3 Be4 17. f3 Bd5 18. Qc3 Rfe8 19. Rfd1 Ng6 20. Bg5 Ra8
21. Ra3 Nd7 22. Qd2 Nb6 23. Nxd5 Nxd5 24. e4 Nb4 25. Qc3 b6 26. Raa1 h6 27. Be3
c5 28. f4 Qe7 29. Rd2 Rad8 30. Rad1 Rxd2 31. Qxd2 0-1